Szemle. Bíró Ferenc: A felvilágosodás korának magyar irodalma. Balassi Kiadó. Bp. 1994. 446 l
Elmentve itt :
| Szerző: | |
|---|---|
| Adatforrás: | Meister |
| Forrásdokumentuma: | Erdélyi Múzeum. - 3-4 sz., 1996, 357-359 p. |
| Nyelv: | magyar |
| Kulcsszavak: | irodalomtörténet-recenzió magyar felvilágosodás felvilágosodás magyar irodalom BÍRÓ Ferenc |
| LEADER | 00548nab a2200169 i 4500 | ||
|---|---|---|---|
| 001 | bibPRO00008247 | ||
| 008 | 060524s1996 xx hun | ||
| 040 | |a Sz1 | ||
| 041 | |a hun | ||
| 100 | 1 | |a NAGY Zsófia | |
| 245 | 1 | 0 | |a Szemle. Bíró Ferenc: A felvilágosodás korának magyar irodalma. Balassi Kiadó. Bp. 1994. 446 l |c NAGY Zsófia |
| 695 | |a irodalomtörténet-recenzió | ||
| 695 | |a magyar felvilágosodás | ||
| 695 | |a felvilágosodás | ||
| 695 | |a magyar irodalom | ||
| 695 | |a BÍRÓ Ferenc | ||
| 773 | 0 | |t Erdélyi Múzeum. - |g 3-4 sz., 1996, 357-359 p. | |